| 000 | 00678nam a22002055i 4500 | ||
|---|---|---|---|
| 001 | 152696 | ||
| 003 | ES-MaACL | ||
| 005 | 20251217063019.0 | ||
| 008 | 040721s1879 gw |||| | eng d | ||
| 040 |
_aCAM _bspa _cCAM |
||
| 080 | _a821.111(73)-32"18" | ||
| 100 | 1 |
_aHarte, Bret, _d1839-1902 _961971 |
|
| 245 | 1 | 3 |
_aAn heiress of red dog and others sketches / _cby Bret Harte. |
| 260 |
_aLeipzig : _bBernhard Tauchnitz, _c1879. |
||
| 300 |
_a288 p. ; _c16 cm. |
||
| 490 | 1 |
_aCollection of British Authors ; _v1800 |
|
| 830 | 0 |
_aCollection of British Authors ; _v1800 _9180703 |
|
| 852 |
_aES-MaACL _jG-12453 _z-- Enc. pasta espaƱola |
||
| 999 |
_c152696 _d152696 |
||